00467nam a22001697a 450000500170000001000150001702000260003203500140005803700130007208200060008510000160009124500480010726000350015527000790019030000220026950000060029120200131121203.0 aENG-127585 a9789351950721c399.00 aEN-111117 bDBAD/PUB aN aBalan, Judy aI have a theory about that /cby Judy Balan aGurugrambHachette Indiac2019 bGurugrama4th & 5th floor , corporate centre, plot no-94,sector-44e122003 a244p.b20 cm(pbk) a